000 00695nam a2200253Ia 4500
003 OSt
005 20220918185303.0
006 a|||||r|||| 00| 0
007 ta
008 220917b |||||||| |||| 00| 0 eng d
024 _a50,473
037 _cTextual
040 _aARTS
_cARTS
_beng
041 _2eng
_aeng
082 _aP:(R), K5 (PD)
100 _aGarver Newton
_968533
245 0 _aGrammar and criteria
260 _aAnn arbor
_bUniv Microfilms
_c1965
300 _axiii,335p.
_ccm.
490 _aConrnell university philosophy (Department of ) thesis
650 _aLINGUISTICS
942 _hP:(R), K5 (PD)
_cTEXL
_2CC
999 _c180069
_d180069